LEADER 04370nam 2200589 450 001 9910786788603321 005 20230803203740.0 010 $a1-4384-5241-1 035 $a(CKB)3710000000202351 035 $a(EBL)3408904 035 $a(SSID)ssj0001266242 035 $a(PQKBManifestationID)11849549 035 $a(PQKBTitleCode)TC0001266242 035 $a(PQKBWorkID)11244083 035 $a(PQKB)11122785 035 $a(MiAaPQ)EBC3408904 035 $a(OCoLC)884280157 035 $a(MdBmJHUP)muse31940 035 $a(Au-PeEL)EBL3408904 035 $a(CaPaEBR)ebr10896680 035 $a(EXLCZ)993710000000202351 100 $a20140731h20142014 uy 0 101 0 $aeng 135 $aur|n|---||||| 181 $ctxt 182 $cc 183 $acr 200 00$aContemplative learning and inquiry across disciplines /$fedited by Olen Gunnlaugson [and three others] 210 1$aAlbany, New York :$cSUNY Press,$d2014. 210 4$d©2014 215 $a1 online resource (426 p.) 300 $aDescription based upon print version of record. 311 $a1-4384-5239-X 320 $aIncludes bibliographical references at the end of each chapters and index. 327 $aAn introduction to contemplative learning & inquiry across disciplines / Olen Gunnlaugson, Edward W. Sarath, Heesoon Bai, Charles Scott -- Contemplative studies : a new academic discipline -- Contemplative pedagogy in higher education : toward a more reflective academy / Arthur Zajonc -- A philosophical framework for contemplative education / Deborah Orr -- Kindred spirits in teaching contemplative practice : distraction, solitude, and simplicity / Mara Adelman -- Contemplation: the soul's way of knowing / John (Jack) Miller -- Fitting in breath hunting : Thai and US perspectives on contemplative pedagogy / David Lee Keiser -- A pedagogy for the new field of contemplative studies / Harold Roth -- Domain specific perspectives -- Learning about obligation, compassion, and global justice : the place of contemplative pedagogy / David Kahane -- History as Dharma : a contemplative practice model for teaching the Middle East and Africa / Elise G. Young -- Paying attention : introspection as a ground of learning / Daniel Barbezat -- Integrating mindfulness theory and practice at lesley university / Nancy W. Waring -- Information and contemplation : exploring contemplative approaches to information technology / David Levy -- Contemplative pedagogy : perspectives from cognitive and affective science / Alfred W. Kaszniak -- Contemplating change : individual and collective transformation in contemplative education environments -- Transformative pathways : engaging the heart in contemplative education / Diana Denton -- Contemplating uncomfortable emotions : creating transformative spaces for learning in higher education / John Eric Baugher -- Contemplative disciplines in higher education : cutting through academic materialism / Daniel Vokey -- Transitions : teaching from the spaces between / Richard C. Brown -- A call for wisdom in higher education : contemplative voices from the dao-field / Heesoon Bai, Sean Park, Shahar Rabi, Charles Scott, and Saskia Tait -- New frontiers of contemplative learning and instruction -- Considerations for collective leadership : a three fold contemplative curriculum for engaging the intersubjective field of learning / Olen Gunnlaugson -- Buberian dialogue as an intersubjective contemplative praxis / Charles Scott -- Contemplative pedagogy and compassionate presence / Joanna Gozawa -- What next? : contemplating the future of contemplative education / Edward W. Sarath -- An inquiry into the field dynamics of collective learning / Chris Bache with Olen Gunnlaugson -- Author biographies. 606 $aEducation$xMoral and ethical aspects 606 $aInterdisciplinary approach in education 606 $aMind and body 606 $aContemplation 615 0$aEducation$xMoral and ethical aspects. 615 0$aInterdisciplinary approach in education. 615 0$aMind and body. 615 0$aContemplation. 676 $a370.11/4 702 $aGunnlaugson$b Olen 801 0$bMiAaPQ 801 1$bMiAaPQ 801 2$bMiAaPQ 906 $aBOOK 912 $a9910786788603321 996 $aContemplative learning and inquiry across disciplines$93840468 997 $aUNINA LEADER 04293nam 22008175 450 001 9910148829503321 005 20230808202720.0 010 $a3-11-043630-2 010 $a3-11-044422-4 024 7 $a10.1515/9783110444223 035 $a(CKB)3850000000000539 035 $a(EBL)4691424 035 $a(DE-B1597)456917 035 $a(OCoLC)960013111 035 $a(DE-B1597)9783110444223 035 $a(MiAaPQ)EBC5119758 035 $a(Au-PeEL)EBL5119758 035 $a(CaPaEBR)ebr11661927 035 $a(OCoLC)1090493970 035 $a(MiAaPQ)EBC4691424 035 $a(Au-PeEL)EBL4691424 035 $a(CaPaEBR)ebr11268655 035 $a(CaONFJC)MIL956117 035 $a(OCoLC)959150134 035 $a(EXLCZ)993850000000000539 100 $a20200723h20162017 fg 101 0 $acop 135 $aur|n|---||||| 181 $ctxt$2rdacontent 182 $cc$2rdamedia 183 $acr$2rdacarrier 200 00$aPapyrus Bodmer III $eAn Early Coptic Version of the Gospel of John and Genesis 1-4:2 /$fDaniel B. Sharp 205 $a1st ed. 210 1$aBerlin ;$aBoston : $cDe Gruyter, $d[2016] 210 4$d©2017 215 $a1 online resource (192 p.) 225 0 $aArbeiten zur neutestamentlichen Textforschung ;$v48 300 $aDescription based upon print version of record. 311 08$a3-11-044193-4 327 $tFrontmatter -- $tAcknowledgments -- $tContents -- $tReasons for a New Edition of P. Bodmer III -- $tProvenance -- $tThe Codex -- $tPaleography -- $tText of Manuscript -- $tConclusions -- $tJohn -- $tGenesis -- $tBibliography -- $tAppendix 1: A Complete List of Words set off by Superlinear Strokes -- $tAppendix 2: Suggested Emendations to the Critical Apparatus of the NA28 -- $tAppendix 3: A Complete List of Verses that Contain Differences between this Transcription and Kasser?s earlier Transcription -- $tAppendix 4: Coptic Singular Readings of P. Bodmer III -- $tAppendix 5: List of Scribal Corrections in P. Bodmer III 330 $aAs a witness to the early Coptic and Greek Biblical traditions, Papyrus Bodmer III is of vital interest to biblical scholars. This updated transcription is unique in providing readers with direct access to the original text by positioning digital images of the actual papyrus side by side with a new transcription of each page. Over 100 corrections to Kasser's 1958 transcription underscore the importance of this book for serious students of the New Testament.A detailed introduction examines the provenance, codex and paleography of P. Bodmer III, presents the singular readings discovered in the text, and separates these readings into meaningful categories. Finally, the appendices provide a complete list of the 1,960 singular readings, a brief description of the 119 corrections made by the original scribe, and a quick reference to the location of all corrections to Kasser's 1958 transcription, as well as corrections to citations in the NA 28th edition.This work will prove a valuable asset to anyone interested in Coptic Biblical studies, New Testament textual criticism, scribal habits, and other related fields. 410 0$aArbeiten zur neutestamentlichen Textforschung 606 $aBible$xManuscripts (Papyri)$xCriticism, Textual 606 $aBible$xManuscripts (Papyri)$xCriticism, Textual 606 $aBodmer 606 $aCoptic 606 $aGenesis 606 $aJohannesevangelium 606 $aJohn 606 $akoptisch 606 $aRELIGION / Biblical Criticism & Interpretation / New Testament$2bisacsh 615 0$aBible$xManuscripts (Papyri)$xCriticism, Textual. 615 0$aBible.$xManuscripts (Papyri)$xCriticism, Textual. 615 4$aBodmer. 615 4$aCoptic. 615 4$aGenesis. 615 4$aJohannesevangelium. 615 4$aJohn. 615 4$akoptisch. 615 7$aRELIGION / Biblical Criticism & Interpretation / New Testament. 676 $a226.5/049 676 $a226.5049 686 $aBC 6070$qSEPA$2rvk 700 $aSharp$b Daniel B.$01087128 702 $aSharp$b Daniel B., $4edt$4http://id.loc.gov/vocabulary/relators/edt 801 0$bDE-B1597 801 1$bDE-B1597 906 $aBOOK 912 $a9910148829503321 996 $aPapyrus Bodmer III$92891780 997 $aUNINA